A Textbook of Organisational Behaviour
Spremljeno u:
| Glavni autor: | |
|---|---|
| Format: | Knjiga |
| Izdano: |
S.Chand
|
| Oznake: |
Bez oznaka, Budi prvi tko označuje ovaj zapis!
|
MARC
| LEADER | 00000nam a2200000Ia 4500 | ||
|---|---|---|---|
| 005 | 20260513122051.0 | ||
| 020 | |a 9788121943017 | ||
| 100 | |a Gupta | ||
| 365 | |c Rs. | ||
| 365 | |b 20.00 | ||
| 942 | |c BK | ||
| 245 | |a A Textbook of Organisational Behaviour | ||
| 260 | |b S.Chand | ||
| 999 | |c 53 |d 53 | ||
| 952 | |0 0 |1 0 |4 0 |7 0 |a UNSW |b UNSW |d 2026-05-06 |g 295.00 |i 16681 |l 0 |p 000037 |r 2026-05-13 12:20:51 |v 295.00 |w 2026-05-13 |y BK | ||